[Event "Liege Soultanbeieff op"]
[Site "Liege"]
[Date "2012.03.30"]
[Round "7"]
[White "Morgenthal, Renaud"]
[Black "Sferruggia, Serge"]
[Result "0-1"]
[WhiteElo "1456"]
[BlackElo "1545"]
[PlyCount "26"]
[EventDate "2012.01.27"]
[EventType "swiss"]
[EventRounds "9"]
[EventCountry "BEL"]
[SourceTitle "EXT 2013"]
[Source "ChessBase"]
[SourceDate "2012.11.22"]
[SourceVersion "1"]
[SourceVersionDate "2012.11.22"]
[SourceQuality "1"]

1. e4 e5 2. Nf3 Nc6 3. d4 exd4 4. Bc4 Nf6 5. 0-0 d5 6. exd5 Nxd5 7. Nxd4 Bc5 8. Nxc6 bxc6 9. Re1+ Be6 10. Rxe6+ fxe6 11. Qh5+ g6 12. Qe5 Qf6 13. Qg3 0-0 0-1

[Event "Liege Soultanbeieff op"]
[Site "Liege"]
[Date "2012.03.16"]
[Round "6"]
[White "Sferruggia, Serge"]
[Black "Evrard, Jean Marie"]
[Result "1-0"]
[WhiteElo "1545"]
[BlackElo "1150"]
[PlyCount "45"]
[EventDate "2012.01.27"]
[EventType "swiss"]
[EventRounds "9"]
[EventCountry "BEL"]
[SourceTitle "EXT 2013"]
[Source "ChessBase"]
[SourceDate "2012.11.22"]
[SourceVersion "1"]
[SourceVersionDate "2012.11.22"]
[SourceQuality "1"]

1. e4 e5 2. Nf3 Nc6 3. d4 exd4 4. Nxd4 Nxd4 5. Qxd4 d6 6. Nc3 c5 7. Qd1 Nf6 8. Bg5 a6 9. Be2 Be6 10. 0-0 Be7 11. Re1 b5 12. Bf3 b4 13. Nd5 Nxd5 14. exd5 Bxg5 15. dxe6 0-0 16. Bxa8 Qxa8 17. Qxd6 fxe6 18. Qxe6+ Kh8 19. Rad1 Bf6 20. Rd7 Bd4 21. Rf7 h6 22. Qg6 Qd5 23. Rxf8+ 1-0